[Event "SRB-chT2 East"]
[Site "Serbia"]
[Date "2017.09.09"]
[Round "2.4"]
[White "Ivanovic, Zoran M"]
[Black "Ilic, Aleksandar"]
[Result "0-1"]
[WhiteElo "2030"]
[BlackElo "2072"]
[PlyCount "77"]
[EventDate "2017.09.08"]
[EventType "team-tourn"]
[EventRounds "11"]
[EventCountry "SRB"]
[SourceTitle "EXT 2022"]
[Source "ChessBase"]
[SourceDate "2021.10.06"]
[SourceVersion "1"]
[SourceVersionDate "2021.10.06"]
[SourceQuality "1"]

1. e4 c5 2. Nf3 d6 3. d4 cxd4 4. Nxd4 Nf6 5. Nc3 a6 6. a4 b6 7. g3 e5 8. Nb3 Bb7 9. Bg2 Nbd7 10. 0-0 Qc7 11. Be3 Be7 12. h3 0-0 13. Qd2 Rfd8 14. Rad1 Bc6 15. f4 Qb7 16. a5 b5 17. Nd5 Bxd5 18. exd5 Rac8 19. Qf2 Qc7 20. Rd2 exf4 21. gxf4 Nc5 22. Nxc5 dxc5 23. b4 cxb4 24. Kh1 Qc4 25. Rfd1 Ne4 26. Bxe4 Qxe4+ 27. Kh2 Bd6 28. Kg1 Rc4 29. f5 Qh4 30. Qxh4 Rxh4 31. Bb6 Re8 32. Kg2 Rhe4 33. Rf1 Re2+ 34. Rf2 Rxd2 35. Rxd2 Re5 36. f6 Rg5+ 37. Kh1 Rg3 38. Bd8 Rxh3+ 39. Kg2 0-1

[Event "SRB-chT2 East CS"]
[Site "Kragujevac"]
[Date "2016.10.07"]
[Round "8.1"]
[White "Ivanovic, Zoran M"]
[Black "Djordjevic, Dejan N"]
[Result "1/2-1/2"]
[WhiteElo "2026"]
[BlackElo "2162"]
[PlyCount "37"]
[EventDate "2016.08.26"]
[EventType "team-tourn"]
[EventRounds "11"]
[EventCountry "SRB"]
[SourceTitle "EXT 2021"]
[Source "ChessBase"]
[SourceDate "2020.10.23"]
[SourceVersion "1"]
[SourceVersionDate "2020.10.23"]
[SourceQuality "1"]

1. e4 c5 2. Nf3 Nc6 3. d4 cxd4 4. Nxd4 Nf6 5. Nc3 Qb6 6. Nb3 e6 7. Be3 Qc7 8. f4 d6 9. Be2 a6 10. a4 b6 11. Bf3 Rb8 12. 0-0 Be7 13. Qd2 0-0 14. g4 b5 15. g5 b4 16. Ne2 Nd7 17. Ng3 f6 18. Bg4 Nb6 19. Qd3 1/2-1/2

[Event "Jagodina op 6th"]
[Site "Jagodina"]
[Date "2013.03.16"]
[Round "9"]
[White "Nikolic, Milan"]
[Black "Ivanovic, Zoran M"]
[Result "0-1"]
[WhiteElo "1856"]
[BlackElo "2101"]
[PlyCount "58"]
[EventDate "2013.03.09"]
[EventType "swiss"]
[EventRounds "9"]
[EventCountry "SRB"]
[SourceTitle "CBM 153 Extra"]
[Source "ChessBase"]
[SourceDate "2013.04.22"]
[SourceVersion "1"]
[SourceVersionDate "2013.04.22"]
[SourceQuality "1"]

1. Nf3 c5 2. b3 Nc6 3. Bb2 d6 4. e3 e6 5. c4 Nf6 6. Be2 Be7 7. 0-0 0-0 8. Nc3 d5 9. d4 cxd4 10. Nxd4 Nxd4 11. Qxd4 dxc4 12. Qxd8 Rxd8 13. Bxc4 a6 14. Rad1 Bd7 15. Rd2 b5 16. Be2 Bc6 17. Rfd1 Rxd2 18. Rxd2 Rc8 19. f4 h6 20. Kf2 b4 21. Bxa6 bxc3 22. Bxc8 Ne4+ 23. Ke2 Bb5+ 24. Kd1 cxd2 25. a4 Bc6 26. a5 Bb4 27. a6 Bb5 28. a7 Nf2+ 29. Kc2 Bd3# 0-1

[Event "Jagodina op 6th"]
[Site "Jagodina"]
[Date "2013.03.15"]
[Round "8"]
[White "Ivanovic, Zoran M"]
[Black "Milic, Ivica"]
[Result "1/2-1/2"]
[WhiteElo "2101"]
[BlackElo "1980"]
[PlyCount "105"]
[EventDate "2013.03.09"]
[EventType "swiss"]
[EventRounds "9"]
[EventCountry "SRB"]
[SourceTitle "CBM 153 Extra"]
[Source "ChessBase"]
[SourceDate "2013.04.22"]
[SourceVersion "1"]
[SourceVersionDate "2013.04.22"]
[SourceQuality "1"]

1. e4 c6 2. d4 d5 3. Nd2 dxe4 4. Nxe4 Nd7 5. Bd3 Ngf6 6. Nf3 Nxe4 7. Bxe4 Nf6 8. Bd3 Bg4 9. c3 e6 10. h3 Bh5 11. g4 Bg6 12. Ne5 Qd5 13. f3 Bxd3 14. Qxd3 Rd8 15. Kf2 Qxe5 16. dxe5 Rxd3 17. exf6 gxf6 18. Be3 b6 19. a4 Bc5 20. Bxc5 bxc5 21. Ke2 Rd5 22. b4 Ke7 23. b5 Rhd8 24. Ra2 Re5+ 25. Kf2 Rd3 26. Re2 Rxe2+ 27. Kxe2 Rxc3 28. Rb1 Kd6 29. b6 axb6 30. Rxb6 Ra3 31. Rb7 Rxa4 32. Rxf7 Rd4 33. Ke3 Rd5 34. Rxh7 c4 35. Rb7 Kc5 36. h4 c3 37. Rb1 Kc4 38. h5 c2 39. Rc1 Kb3 40. f4 e5 41. h6 exf4+ 42. Kxf4 Kb2 43. Rh1 c1Q+ 44. Rxc1 Kxc1 45. h7 Rd8 46. Kf5 Rh8 47. Kg6 c5 48. Kg7 Rc8 49. Kxf6 c4 50. g5 c3 51. g6 c2 52. g7 Kb1 53. g8Q 1/2-1/2

[Event "Jagodina op 6th"]
[Site "Jagodina"]
[Date "2013.03.10"]
[Round "2"]
[White "Stanisavljevic, Vladan"]
[Black "Ivanovic, Zoran M"]
[Result "0-1"]
[WhiteElo "1833"]
[BlackElo "2101"]
[PlyCount "50"]
[EventDate "2013.03.09"]
[EventType "swiss"]
[EventRounds "9"]
[EventCountry "SRB"]
[SourceTitle "CBM 153 Extra"]
[Source "ChessBase"]
[SourceDate "2013.04.22"]
[SourceVersion "1"]
[SourceVersionDate "2013.04.22"]
[SourceQuality "1"]

1. e4 c5 2. Nf3 d6 3. Nc3 Nc6 4. h3 Nf6 5. Bc4 e6 6. d3 Be7 7. 0-0 0-0 8. a3 d5 9. exd5 Nxd5 10. Bd2 Nxc3 11. Bxc3 Bf6 12. Qd2 b6 13. Rad1 Nd4 14. Nxd4 cxd4 15. Bb4 Re8 16. Bb5 Bd7 17. Bxd7 Qxd7 18. Qe2 Rac8 19. Rc1 a5 20. Bd2 Qb5 21. b3 e5 22. Qg4 Rc6 23. Bg5 Bxg5 24. Qxg5 Qd5 25. Rfe1 Rg6 0-1

[Event "Jagodina op 5th"]
[Site "Jagodina"]
[Date "2012.03.17"]
[Round "9"]
[White "Ivic, Matija"]
[Black "Ivanovic, Zoran M"]
[Result "0-1"]
[WhiteElo "1760"]
[BlackElo "2096"]
[PlyCount "54"]
[EventDate "2012.03.10"]
[EventType "swiss"]
[EventRounds "9"]
[EventCountry "SRB"]
[SourceTitle "CBM 147 Extra"]
[Source "ChessBase"]
[SourceDate "2012.04.24"]
[SourceVersion "1"]
[SourceVersionDate "2012.04.24"]
[SourceQuality "1"]

1. c4 e5 2. Nc3 Nf6 3. g3 g6 4. Bg2 Bg7 5. d3 d6 6. Nf3 Nbd7 7. 0-0 0-0 8. Bd2 h6 9. Rb1 a5 10. a3 Rb8 11. b4 axb4 12. axb4 b6 13. Qc1 Kh7 14. e4 Re8 15. Nh4 Nh5 16. Ne2 Nf8 17. Bf3 Nf6 18. Bh1 Ng8 19. Ng2 f5 20. Ne3 Ne7 21. f4 Be6 22. Qc2 Qd7 23. Bc3 b5 24. Rfd1 Nc6 25. Nd5 Rec8 26. Be1 Nd4 27. c5 Nxc2 0-1

[Event "Jagodina op 5th"]
[Site "Jagodina"]
[Date "2012.03.12"]
[Round "4"]
[White "Ivanovic, Zoran M"]
[Black "Pantic, Radosav"]
[Result "1-0"]
[WhiteElo "2096"]
[BlackElo "1835"]
[PlyCount "42"]
[EventDate "2012.03.10"]
[EventType "swiss"]
[EventRounds "9"]
[EventCountry "SRB"]
[SourceTitle "CBM 147 Extra"]
[Source "ChessBase"]
[SourceDate "2012.04.24"]
[SourceVersion "1"]
[SourceVersionDate "2012.04.24"]
[SourceQuality "1"]

1. e4 c5 2. Nf3 Nc6 3. d4 cxd4 4. Nxd4 d6 5. c4 g6 6. Be3 Bg7 7. Nc3 Nf6 8. Be2 0-0 9. 0-0 h6 10. h3 Bd7 11. Qd2 Kh7 12. f4 Nxd4 13. Bxd4 Qa5 14. Bf3 Bc6 15. Rad1 Rad8 16. Nd5 Qxd2 17. Rxd2 Nxd5 18. exd5 Bxd4+ 19. Rxd4 Bd7 20. Re1 Rfe8 21. Rde4 e6 1-0

[Event "SRB-chT2 East CS"]
[Site "Serbia"]
[Date "2011.09.25"]
[Round "3.2"]
[White "Djukic, Slobodan D"]
[Black "Ivanovic, Zoran M"]
[Result "1-0"]
[WhiteElo "2176"]
[BlackElo "2104"]
[PlyCount "95"]
[EventDate "2011.09.11"]
[EventType "team"]
[EventRounds "11"]
[EventCountry "SRB"]
[SourceTitle "EXT 2015"]
[Source "ChessBase"]
[SourceDate "2014.11.20"]
[SourceVersion "1"]
[SourceVersionDate "2014.11.20"]
[SourceQuality "1"]

1. e4 c5 2. Nf3 d6 3. d4 cxd4 4. Nxd4 Nf6 5. Nc3 a6 6. Be3 e5 7. Nb3 Be6 8. Qd2 Be7 9. f3 d5 10. exd5 Nxd5 11. Nxd5 Qxd5 12. Qxd5 Bxd5 13. 0-0-0 Bxb3 14. axb3 Nd7 15. Rd5 h6 16. g3 Rd8 17. Bh3 Bf6 18. Rhd1 Nb8 19. Bc5 Rxd5 20. Rxd5 g6 21. b4 Bg5+ 22. Kd1 f5 23. Rxe5+ Kf7 24. Rd5 Bf6 25. c3 Be7 26. Bf1 Bxc5 27. bxc5 Ke7 28. b4 Nc6 29. Bc4 f4 30. Rd6 fxg3 31. hxg3 g5 32. Bd5 h5 33. Ke2 h4 34. gxh4 gxh4 35. Kf2 h3 36. Kg1 h2+ 37. Kh1 Nd8 38. Rg6 Rh5 39. c4 Re5 40. Kxh2 Re3 41. Kg3 Rb3 42. Rb6 Kd7 43. Kg4 Kc7 44. f4 Nc6 45. Bxc6 bxc6 46. Kg5 Ra3 47. f5 a5 48. b5 1-0

[Event "Jagodina op 4th"]
[Site "Jagodina"]
[Date "2011.03.06"]
[Round "2"]
[White "Ivanovic, Zoran M"]
[Black "Trajkovic, Dusan"]
[Result "1-0"]
[WhiteElo "2134"]
[BlackElo "2243"]
[PlyCount "85"]
[EventDate "2011.03.05"]
[EventType "swiss"]
[EventRounds "9"]
[EventCountry "SRB"]
[SourceTitle "CBM 141 Extra"]
[Source "ChessBase"]
[SourceDate "2011.05.03"]
[SourceVersion "1"]
[SourceVersionDate "2011.05.03"]
[SourceQuality "1"]

1. e4 d6 2. d4 Nf6 3. Bd3 g6 4. Nf3 Bg7 5. 0-0 0-0 6. h3 c6 7. Be3 Nbd7 8. Qd2 e5 9. Bh6 exd4 10. Bxg7 Kxg7 11. Nxd4 Ne5 12. f4 Qb6 13. Qf2 Nxd3 14. cxd3 Nh5 15. f5 f6 16. Nc3 g5 17. Na4 Qa6 18. Qc2 Bd7 19. Ne2 b5 20. Nac3 Qb6+ 21. Kh1 Qe3 22. Rf3 Qc5 23. Qd2 b4 24. Nd1 a5 25. Rc1 Qb6 26. g4 Nf4 27. Nxf4 gxf4 28. Qxf4 Qd4 29. g5 c5 30. gxf6+ Qxf6 31. Ne3 Bc6 32. Rg1+ Kh8 33. Ng4 Qd4 34. f6 Rae8 35. f7 Rxe4 36. dxe4 Bxe4 37. Nh6 Bg6 38. Qxd4+ cxd4 39. Kh2 Kg7 40. Nf5+ Kf6 41. Nh4+ Ke5 42. Nxg6+ hxg6 43. Rxg6 1-0

[Event "SRB-chT2 East"]
[Site "Golubac"]
[Date "2008.10.05"]
[Round "4.2"]
[White "Ivanovic, Zoran M"]
[Black "Madjar, Stanislav"]
[Result "1/2-1/2"]
[WhiteElo "2167"]
[BlackElo "2205"]
[PlyCount "37"]
[EventDate "2008.09.14"]
[EventType "team"]
[EventRounds "11"]
[EventCountry "SRB"]
[SourceTitle "EXT 2012"]
[Source "ChessBase"]
[SourceDate "2011.11.24"]
[SourceVersion "1"]
[SourceVersionDate "2011.11.24"]
[SourceQuality "1"]

1. e4 Nf6 2. e5 Nd5 3. d4 d6 4. Nf3 dxe5 5. Nxe5 c6 6. Qf3 Be6 7. c3 Nd7 8. Bf4 Nxf4 9. Qxf4 Nxe5 10. Qxe5 Qd6 11. Qe3 g6 12. Be2 Bg7 13. Nd2 0-0 14. 0-0 b6 15. Rfe1 Rae8 16. Bc4 Bxc4 17. Nxc4 Qd5 18. Ne5 Bxe5 19. Qxe5 1/2-1/2

[Event "SRB-chT2 West"]
[Site "Serbia"]
[Date "2007.10.21"]
[Round "11"]
[White "Brajovic, Miroljub"]
[Black "Ivanovic, Zoran M"]
[Result "1-0"]
[WhiteElo "2147"]
[BlackElo "2189"]
[PlyCount "60"]
[EventDate "2007.09.09"]
[EventType "team"]
[EventRounds "11"]
[EventCountry "SRB"]
[SourceTitle "EXT 2012"]
[Source "ChessBase"]
[SourceDate "2011.11.24"]
[SourceVersion "1"]
[SourceVersionDate "2011.11.24"]
[SourceQuality "1"]
[WhiteTeam "Prijepolje Priko"]
[BlackTeam "Cacak Borac"]
[WhiteTeamCountry "SRB"]
[BlackTeamCountry "SRB"]

1. e4 Nf6 2. Nc3 d5 3. exd5 Nxd5 4. Nxd5 Qxd5 5. d4 Bf5 6. Nf3 Nc6 7. c4 Qe4+ 8. Be3 e6 9. a3 Be7 10. Be2 0-0 11. 0-0 Qc2 12. Qxc2 Bxc2 13. Rac1 Bf5 14. d5 Nb8 15. Nd4 c6 16. dxc6 Nxc6 17. Nxf5 exf5 18. b4 a5 19. b5 Ne5 20. a4 Rfd8 21. Rfd1 Rxd1+ 22. Rxd1 Rc8 23. c5 g5 24. Rc1 Kf8 25. g3 g4 26. Kg2 h5 27. f4 gxf3+ 28. Bxf3 Nd3 29. Bxb7 Rxc5 30. Bxc5 Nxc1 1-0